[Event "Moscow Aeroflot op-A"]
[Site "Moscow"]
[Date "2004.02.23"]
[Round "7"]
[White "Felgaer, Ruben Alejandro"]
[Black "Rublevsky, Sergei"]
[Result "0-1"]
[WhiteElo "2554"]
[BlackElo "2655"]
[Annotator "Ftacnik,L"]
[PlyCount "84"]
[EventDate "2004.02.17"]
[EventType "swiss"]
[EventRounds "9"]
[EventCountry "RUS"]
[SourceTitle "CBM 100"]
[Source "ChessBase"]
[SourceDate "2004.06.01"]
[SourceVersion "1"]
[SourceVersionDate "2004.06.01"]
[SourceQuality "1"]

1. e4 c5 2. Nf3 e6 3. d4 cxd4 4. Nxd4 a6 5. Nc3 Qc7 6. g3 Nf6 7. Bg2 Be7 8. O-O
d6 9. a4 Nc6 10. Nb3 b6 11. f4 Bb7 12. Be3 O-O 13. g4 Rfe8 14. g5 Nd7 15. Rf3
Nb4 16. Rh3 g6 17. Qd2 Bf8 18. Rf1 {[%mdl 4] Rublevsky uses the well tested
defensive set up. Felgaer will be hard pressed to get any chances despite the
huge concentration of his pieces on the kingside.} (18. Rd1 Rac8 19. Qf2 f5 20.
gxf6 Nxf6 21. Bf3 d5 22. e5 Ne4 23. Bxe4 dxe4 24. Bxb6 e3 25. Qh4 Qf7 26. Rxe3
Nxc2 {0-1 Gunnarsson,J-Stefansson,H/Reykjavik 2000/ (38)}) 18... Rac8 19. Qf2
Bg7 20. Nd4 f5 21. gxf6 (21. exf5 exf5 22. Bxb7 Qxb7 23. Rd1 Nc5 $15) 21...
Nxf6 22. Qh4 (22. Rg3 Qc4 23. Re1 $13) 22... Qe7 23. Rf2 (23. e5 Bxg2 24. Kxg2
dxe5 25. fxe5 Nh5 26. Qxe7 Rxe7 27. Bg5 Rf7 (27... Ree8 28. Bf6 Bf8 $11) 28.
Rxf7 Kxf7 29. Rf3+ Ke8 30. Bf6 Bxf6 31. exf6 e5 32. Re3 Nxf6 33. Rxe5+ Kd7 $11)
23... Nh5 24. Qg4 Rc4 25. e5 $6 {Black is excellently prepared for the opening
of the center.} (25. Qd1 Bxd4 26. Bxd4 Nxf4 27. Rxf4 e5 28. Bxe5 dxe5 29. Rf2
Rd4 30. Qf1 $11) (25. Rd2 Nxf4 26. Qxf4 Bxd4 27. Bxd4 Rxd4 28. Rxd4 e5 29. Qd2
exd4 30. Qxd4 Nxc2 31. Qf2 Nb4 32. Qxb6 $11) 25... Bxg2 26. Rxg2 dxe5 27. fxe5
Qd7 (27... Nd5 28. Nxd5 exd5 29. b3 Rc3 30. Re2 Qc7 $1 $15) 28. Rd2 (28. Rxh5
$2 gxh5 29. Qg5 Kh8 30. Kh1 Rg8 $19) 28... Nc6 29. Ne4 Nxe5 $1 (29... Nxd4 30.
Nd6 Rxc2 31. Rxd4 Rf8 (31... Bxe5 $2 32. Nxe8 Bxd4 33. Bxd4 $16) 32. Rd1 $15)
30. Qd1 Qd5 (30... Rxa4 $5 31. b3 Ra5 32. c4 Qe7 $19) 31. Ng5 Qa8 {Both
players are already dreaming about attacking ideas, the diagonal a8-h1 is
vulnerable for white.} (31... Rxa4 $5 32. c3 b5 33. Rxh5 gxh5 (33... Nc4 $6 34.
Rxh7 Bxd4 35. Rxd4 Nxe3 36. Rxd5 Nxd1 37. Rxd1 $11) 34. Qxh5 Ra1+ 35. Kf2 Rf8+
36. Kg3 h6 37. Ngxe6 Re1 38. Bf2 Rxf2 39. Rxf2 Re3+ 40. Rf3 Rxf3+ 41. Nxf3 Qxe6
$19) 32. b3 (32. Ngxe6 Qc8 33. Rxh5 gxh5 34. Nxg7 Kxg7 35. b3 Rc3 36. Qxh5 Kh8
$17) 32... Rc3 33. Ndxe6 (33. Ne2 $5 Rxe3 (33... Rc7 34. Bxb6 Nf7 35. Nxf7 Rxf7
36. Rhd3 Nf6 37. Rd8 Qf3 38. Ng3 $11) (33... Rcc8 34. Nd4 Nf6 35. Ndxe6 $14)
34. Rxe3 h6 35. Nxe6 Nf3+ 36. Rxf3 Qxf3 37. Nxg7 Qe3+ 38. Kh1 Nxg7 39. Rd8 $11)
33... Bf6 (33... h6 34. Rxh5 (34. Nxg7 Nxg7 35. Bxb6 Rxh3 36. Nxh3 Nf3+ $19)
34... hxg5 $1 (34... gxh5 35. Nxg7 Kxg7 36. Bd4 $14) 35. Rh3 (35. Nxg7 Nf3+ 36.
Kf2 Rf8 37. Nf5 Nxd2 38. Bxd2 Rxf5+ $19) 35... Bf6 $19) 34. Rd5 (34. Rd6 Rec8
$15) 34... Bxg5 (34... Ng4 $1 35. Rd3 Nxe3 36. Rhxe3 Nf4 37. Nxf4 Rxe3 38. Nd5
Rexd3 39. Nxf6+ Kh8 40. cxd3 Qc6 41. Qf3 Qc5+ 42. Kf1 Rc1+ 43. Ke2 Qc2+ $19)
35. Nxg5 Qc8 36. Qd4 (36. Qf1 Rf8 37. Qd1 Ng4 38. Bxb6 Rxc2 $19) 36... Qg4+ (
36... Rxc2 37. Rd6 Qg4+ 38. Qxg4 Nxg4 39. Bd2 Re2 $19) 37. Rg3 $2 {In time
trouble white sees a witty combination, but the whole idea has a big flaw...} (
37. Qxg4 Nxg4 38. Bd2 Rxc2 39. Rd4 Nf4 40. Rxf4 Rxd2 41. Ne4 Re2 42. Rxg4 R8xe4
$17) 37... Nxg3 38. Rxe5 Ne2+ 39. Kh1 (39. Kf1 Rf8+ 40. Ke1 Nxd4 $19) 39...
Nxd4 40. Rxe8+ Kg7 41. Bxd4+ (41. Re7+ Kf8 $19) 41... Qxd4 42. Ne6+ Kf7 (42...
Kf7 43. Rf8+ Ke7 44. Nxd4 Kxf8 $19) 0-1

[Event "EU-ch 2nd"]
[Site "Ohrid"]
[Date "2001.06.11"]
[Round "10"]
[White "Sutovsky, Emil"]
[Black "Movsesian, Sergei"]
[Result "1-0"]
[WhiteElo "2604"]
[BlackElo "2661"]
[Annotator "Ftacnik,L"]
[PlyCount "109"]
[EventDate "2001.06.01"]
[EventType "swiss"]
[EventRounds "13"]
[EventCountry "YUG"]
[SourceTitle "CBM 084"]
[Source "ChessBase"]
[SourceDate "2001.09.13"]
[SourceVersion "1"]
[SourceVersionDate "2001.09.13"]
[SourceQuality "1"]

1. e4 c5 2. Nf3 e6 3. d4 cxd4 4. Nxd4 a6 5. Nc3 Qc7 6. g3 Nc6 7. Bg2 Nf6 8. O-O
d6 9. Nxc6 bxc6 10. Na4 Bb7 11. Re1 (11. c4 c5 12. Nc3 (12. Re1 Be7 (12... Nd7
13. b3 Be7 14. Bb2 O-O 15. Qd2 Bc6 16. Rad1 Rfd8 17. Nc3 Nf8 18. Ne2 a5 19. h4
a4 20. Nf4 axb3 21. Bxg7 Kxg7 22. Nh5+ Kg6 23. Qf4 {1-0 Velicka,P-Jansa,V/Zlin/
1997/ (29)}) 13. b3 O-O 14. Bb2 Bc6 15. e5 dxe5 16. Bxe5 Qb7 17. Bxc6 Qxc6 18.
Qe2 Rfd8 19. Bc3 {1-0 Malisauskas,V-Labuckas,A/Vilnius/1994/ (54)}) 12... Be7
13. Qe2 (13. f4 Nd7 (13... O-O 14. g4 Nd7 15. g5 Rfe8 16. Bd2 Bf8 17. Qg4 Nb6
18. b3 d5 19. exd5 exd5 20. Nxd5 Nxd5 21. Bxd5 {1/2-1/2 Popovic,P-Paunovic,D/
Herceg Novi/2001/ (21)}) 14. Be3 O-O 15. g4 Bf6 16. Qd3 Rad8 17. Bd2 g6 18.
Rae1 Rfe8 19. b3 Nb8 20. Qh3 Nc6 21. Kh1 Nb4 22. f5 {1-0 Kuzmin,G-Maksimenko,A/
Kherson/1989/ (28)}) (13. Qd3 O-O 14. f4 Rad8 15. b3 Nd7 16. g4 Rfe8 17. g5 Bf8
18. Bb2 g6 19. Rad1 Qa5 20. Qh3 Qc7 21. Rd3 {1-0 Kuzmin,G-Poluljahov,A/Yalta/
1995/ (58)}) 13... O-O 14. Bf4 Nd7 15. Rad1 Ne5 16. Rd2 Nc6 17. Qd1 Nd4 18. Be3
Bf6 19. Ne2 e5 20. Nc3 {1/2-1/2 Neumann,J-Preckwinkel,W/Dortmund/1988/ (39)})
11... Nd7 (11... c5 12. Bf4) 12. Bf4 Be7 13. Qd2 $1 {Sutovsky is right to wait
with the push c2-c4, black will have to accept sligtly worse play.} (13. c4 c5
14. Qd2 Rd8 15. Rad1 Ne5 $11) 13... O-O (13... Rd8 14. Rad1 Ne5 15. Bxe5 dxe5
16. Qc3 O-O 17. Nc5 $14) 14. Rad1 e5 (14... Ne5 15. Bxe5 dxe5 16. Qd7 Rac8 17.
Qxc7 Rxc7 18. Nb6 $14) 15. Bg5 $1 Bxg5 (15... Nf6 16. Bxf6 gxf6 17. Bh3 $14)
16. Qxg5 Nf6 17. c4 c5 (17... Rad8 18. c5 $14) 18. Qd2 Rad8 19. Re3 Bc6 20. Nc3
Qb7 21. b3 Ne8 (21... Rfe8 22. f3 Re7 23. Rd3 Ne8 24. Nd5 $16) 22. Bh3 Kh8 23.
Nd5 {[%mdl 32] It becomes obvious, that the weak pawn d6 and a hole on d5 will
create serious problems for Movsesian.} Bxd5 (23... g6 24. f4 $36) 24. Qxd5 Qc7
(24... Qxd5 25. Rxd5 Nf6 26. Rd1 g5 27. f3 $16) 25. Qd2 Rb8 26. f4 $1 exf4 (
26... f6 $5 27. Rf3 exf4 28. gxf4 Qe7 29. Qd3 $14) 27. gxf4 Rb6 $2 (27... f6 $5
) 28. e5 $1 dxe5 (28... Rg8 29. e6 fxe6 30. Rxe6 $16) 29. fxe5 {All white
pieces are more active, on top of it black's queenside pawns are quite weak.}
Rg6+ 30. Kh1 Kg8 31. Bf5 (31. Qd7 Qb6 32. Rf3 $16) 31... Rh6 32. Qd8 Qc6+ 33.
Qd5 Qb6 (33... Qxd5+ $2 34. cxd5 $18) 34. e6 $1 Nf6 (34... fxe6 $2 35. Rxe6
Rxe6 36. Qxe6+ Qxe6 37. Bxe6+ Kh8 38. Rd8 g5 39. Bd7 $18) 35. exf7+ Kh8 (35...
Rxf7 36. Qd8+ Qxd8 37. Rxd8+ Rf8 38. Be6+ $18) 36. Qg2 Qc7 (36... Rxf7 37. Qa8+
Ng8 38. Re8 Rxh2+ 39. Kxh2 Qh6+ 40. Kg3 Qg5+ 41. Bg4 $18) 37. Be6 {The pawn f7
is a bone in the defender's throat, despite serious resistance black's days
are numbered.} Nh5 38. Bd5 Nf6 39. Be6 Nh5 40. Bd5 Nf6 41. Rg1 $1 Rg6 (41... g6
$2 42. Qb2 $18) 42. Qf3 Rxg1+ (42... Rh6 43. Qg3 Qxg3 44. Rgxg3 g6 45. Be6 $18)
43. Kxg1 h6 (43... Nxd5 $2 44. Re8 Qd6 45. Rxf8+ Qxf8 46. cxd5 h6 47. d6 $18)
44. Qf5 Qa5 45. Qc2 (45. Re2 Qc3 46. Qf2 $16) 45... Qb4 (45... Qd8 46. Qg6 $18)
46. Qe2 Qb8 47. Re5 (47. Re7 Qd8 48. Qe5 Kh7 49. Qc7 $18) 47... Qd8 48. Re7
Nxd5 49. Re8 $1 {Witty combination with the motive of running pawns.} Nf4 (
49... Qg5+ 50. Qg2 $1 (50. Kf2 Qf4+ 51. Ke1 Qxf7 52. Rxf8+ Qxf8 53. cxd5 Qf6
$11) 50... Qc1+ (50... Qxg2+ 51. Kxg2 Nf4+ 52. Kg3 Ng6 53. b4 $1 $18) 51. Qf1
Qg5+ 52. Kh1 $18) 50. Rxf8+ Qxf8 51. Qe8 Ng6 52. b4 $1 Kh7 (52... cxb4 53. c5
a5 54. c6 a4 55. c7 $18) 53. Qxf8 Nxf8 54. bxc5 Ne6 55. c6 (55. c6 Kg6 56. c7
Nxc7 57. f8=Q $18) 1-0

[Event "Sarajevo Bosnia 30th"]
[Site "Sarajevo"]
[Date "2000.05.29"]
[Round "11"]
[White "Movsesian, Sergei"]
[Black "Kasparov, Garry"]
[Result "0-1"]
[WhiteElo "2668"]
[BlackElo "2851"]
[Annotator "Ftacnik,L"]
[PlyCount "64"]
[EventDate "2000.05.17"]
[EventType "tourn"]
[EventRounds "11"]
[EventCountry "BIH"]
[EventCategory "19"]
[SourceTitle "CBM 077"]
[Source "ChessBase"]
[SourceDate "2000.07.27"]
[SourceVersion "1"]
[SourceVersionDate "2000.07.27"]
[SourceQuality "1"]

{[%mdl 2]} 1. e4 c5 2. Nf3 d6 3. d4 cxd4 4. Nxd4 Nf6 5. Nc3 a6 6. Be3 e6 7. f3
b5 8. Qd2 Nbd7 9. O-O-O Bb7 10. g4 Nb6 11. Qf2 Nfd7 12. Kb1 Rc8 13. Bd3 Rxc3 $5
14. bxc3 Qc7 15. Ne2 Be7 16. g5 O-O 17. h4 Na4 $1 {Kasparov improves on the
older game, white compromised queenside pawn structure offers great attacking
chances for black pieces.} (17... d5 18. h5 dxe4 19. Bxe4 Bxe4 20. fxe4 Nc4 21.
Bc1 b4 22. cxb4 Bxb4 23. Rh3 {1-0 Zagrebelny,S-Lingnau,C/Berlin/1993/ (31)})
18. Bc1 $6 (18. h5 Ne5 19. h6 g6 $13) 18... Ne5 19. h5 d5 $1 20. Qh2 (20. h6 g6
21. Qg3 Bd6 22. Qg2 Rc8 $17) 20... Bd6 21. Qh3 Nxd3 22. cxd3 (22. Rxd3 $2 dxe4
23. Rxd6 Qxd6 24. h6 g6 $19) 22... b4 $1 (22... Nxc3+ 23. Nxc3 Qxc3 24. Bb2 Qb4
25. g6 Be5 (25... dxe4 $2 26. h6 $1 Be5 27. d4 $18) 26. d4 Bf4 27. gxf7+ Kxf7
28. Qg4 Bh6 $13) 23. cxb4 (23. c4 dxc4 24. h6 g6 25. dxc4 Rc8 $40) 23... Rc8
24. Ka1 (24. Qf1 dxe4 25. fxe4 Qc2+ 26. Ka1 Be5+ 27. d4 Bxe4 28. Ba3 Bd5 $19)
24... dxe4 (24... Qc2 25. Rd2 Be5+ 26. d4 Bxd4+ 27. Rxd4 (27. Nxd4 $2 Qxc1+ 28.
Rxc1 Rxc1#) 27... Qxe2 28. Qf1 Qc2 $13) (24... Bxb4 $5 25. Qh2 Qc2 26. Rde1 (
26. g6 Nc3 $19) 26... Bxe1 27. Rxe1 Qxd3 $19) 25. fxe4 (25. dxe4 $2 Be5+ 26.
Nd4 Bxd4+ 27. Rxd4 Qxc1+) 25... Bxe4 $1 {[%mdl 128] Even to an untrained eye
it becomes clear, that black is achieving success in the attack with much
higher speed than his opponent.} 26. g6 (26. dxe4 Be5+ $19) (26. Rhg1 Qc2 27.
Nd4 Be5 28. Qe3 Bd5 $19) 26... Bxh1 27. Qxh1 Bxb4 28. gxf7+ (28. gxh7+ Kh8 $19)
28... Kf8 (28... Qxf7 29. Bd2 Bxd2 30. Rxd2 Nb6 $19) 29. Qg2 Rb8 $1 30. Bb2 (
30. Bd2 Ba3 31. Bc1 Bxc1 32. Rxc1 Qb6 33. Nc3 Nxc3 $19) 30... Nxb2 31. Nd4 (31.
Kxb2 Bd2+ 32. Ka1 Bc3+ $19) 31... Nxd1 $1 {The final combination is simple,
but esthetically very pleasing.} 32. Nxe6+ Kxf7 (32... Kxf7 33. Qxg7+ (33. Nxc7
Bc3+) 33... Kxe6 34. Qxc7 (34. Qh6+ Kf5) 34... Bc3+ $19) 0-1

[Event "EU-ch 2nd"]
[Site "Ohrid"]
[Date "2001.06.09"]
[Round "8"]
[White "Lastin, Alexander"]
[Black "Sokolov, Andrei"]
[Result "1-0"]
[WhiteElo "2627"]
[BlackElo "2568"]
[Annotator "Ftacnik,L"]
[PlyCount "73"]
[EventDate "2001.06.01"]
[EventType "swiss"]
[EventRounds "13"]
[EventCountry "YUG"]
[SourceTitle "CBM 084"]
[Source "ChessBase"]
[SourceDate "2001.09.13"]
[SourceVersion "1"]
[SourceVersionDate "2001.09.13"]
[SourceQuality "1"]

1. e4 c5 2. Nf3 e6 3. d4 cxd4 4. Nxd4 Nf6 5. Nc3 d6 6. Be3 Nc6 7. Qd2 Be7 8. f3
O-O 9. g4 Nxd4 10. Bxd4 d5 11. e5 (11. g5 Nd7 12. f4 e5 13. Bf2 exf4 14. Nxd5
Bxg5 15. Rg1 Ne5 16. Qc3 Ng6 (16... Ng4 17. Bd4 Bh4+ 18. Kd2 f6 19. Bc4 Kh8 20.
Raf1 f3 21. Kc1 {1-0 Brendel,O-Weindl,A/Zuerich/1992/ (32)}) 17. O-O-O Be6 18.
Bc5 Rc8 19. Qa3 f3+ 20. Kb1 f2 21. Bxf2 Bxd5 22. exd5 {1-0 Brendel,O-Morawietz,
D/Germany/1991/ (43)}) (11. O-O-O dxe4 12. g5 Nd7 (12... Nh5 13. Nxe4 Bd7 14.
Qg2 Qc7 15. Nf6+ Bxf6 16. gxf6 Bc6 17. Qg4 Rfd8 18. Rg1 g6 19. c3 Kh8 20. Bc4
e5 21. Be3 Bxf3 {0-1 Tiviakov,S-Salov,V/Madrid/1994/ (35)}) 13. Nxe4 e5 14. Bc3
Qc7 15. Qd5 Nb6 16. Qxe5 Qxe5 17. Bxe5 Be6 18. h4 Bd5 19. Bd3 Bc6 20. Rhg1 Rfe8
21. Bd6 {1-0 Har Zvi,R-Weindl,A/Biel/1993/ (27)}) 11... Nd7 12. O-O-O f6 (12...
Bg5 13. f4 Be7 14. h4 Bc5 15. h5 Bxd4 16. Qxd4 Qb6 17. Qd2 Qc6 18. Bb5 Qb6 19.
g5 a6 20. Bd3 d4 21. Ne4 {1-0 Accattato Martin,N-Foisor,V/Lorca/2001/ (33)})
13. exf6 Bxf6 (13... Nxf6 14. Bg2 Bd6 15. Rde1 $14) 14. Qe1 Nb8 (14... Bxd4 $2
15. Qxe6+ Kh8 16. Rxd4 $16) 15. Bc5 Rf7 (15... Bg5+ 16. Kb1 Rxf3 17. Bg2 Bh4
18. Qe2 Rf4 19. Nxd5 $1 $18) 16. Nxd5 $5 {Lastin uses rather strong medicine
with a hope of benefiting from underdeveloped black pieces.} (16. Bg2 Nc6 $13)
16... exd5 17. Bc4 Bd7 $2 (17... dxc4 $2 18. Rxd8+ Bxd8 19. Qe8+ $18) (17...
Kh8 $5 18. Rxd5 Rd7 19. Qe4 Rxd5 20. Bxd5 Nd7 $17) 18. Bxd5 Qc7 (18... Na6 19.
Bxf7+ Kxf7 20. Bd4 Bc6 21. Qc3 $14) 19. Bd6 Qb6 20. Bxf7+ Kxf7 21. Be5 $1 {
[%mdl 32] Black will suffer due to the lack of piece coordination, as his king
is rather exposed.} (21. Ba3 Qe6 $14) 21... Qe6 (21... Kg8 22. Qe4 $16) 22.
Bxf6 Qxe1 (22... gxf6 23. Qh4 $16) (22... Qxf6 23. Qe4 Bc6 24. Qxh7 $18) 23.
Rhxe1 gxf6 24. Rd5 h6 (24... Bc6 25. Rh5 Kg6 26. f4 $18) 25. Red1 Bc6 (25...
Ke7 26. Rh5 $18) 26. Rd8 {The knight from b8 blocks the rook a8, Sokolov can
forget about the chance to develop the queenside.} Bxf3 27. Re1 Bc6 (27... Bxg4
28. Ree8 $18) 28. Red1 Ke7 (28... b6 29. Rc8 Bf3 30. Rdd8 $18) 29. Rh8 Bd7 (
29... a5 30. Rdd8 $18) 30. h3 a5 31. Rxh6 a4 (31... Ra6 32. Rh8 Nc6 33. Rh7+
$18) 32. Rh8 b5 33. a3 Ke6 (33... f5 34. gxf5 Bxf5 35. Rdd8 Bxh3 36. Rxb8 $18)
34. h4 Ke7 35. h5 Bxg4 36. h6 Bxd1 37. h7 (37. h7 Bf3 38. Rg8 $18) 1-0

[Event "Elgoibar 14th"]
[Site "Elgoibar"]
[Date "2004.12.13"]
[Round "3"]
[White "Cheparinov, Ivan"]
[Black "Ivanov, Jordan"]
[Result "1-0"]
[WhiteElo "2576"]
[BlackElo "2395"]
[Annotator "Ftacnik,L"]
[PlyCount "59"]
[EventDate "2004.12.11"]
[EventType "tourn"]
[EventRounds "9"]
[EventCountry "ESP"]
[EventCategory "10"]
[SourceTitle "CBM 105"]
[Source "ChessBase"]
[SourceDate "2005.04.11"]
[SourceVersion "1"]
[SourceVersionDate "2005.04.11"]
[SourceQuality "1"]

1. e4 c5 2. Nf3 e6 3. d4 cxd4 4. Nxd4 Nc6 5. Nc3 d6 6. Be3 Nf6 7. Qd2 Be7 8. f3
O-O 9. g4 a6 10. O-O-O Nxd4 11. Bxd4 b5 12. g5 Nd7 13. h4 Qc7 14. Kb1 b4 15.
Na4 Bb7 16. Qxb4 Bc6 17. Nc3 Rfb8 18. Qc4 Ne5 19. Qe2 Bb5 20. Nxb5 axb5 21. Qe3
Rxa2 $5 $146 {Very spirited sacrifice, black would like to scare white king
into difficult defense.} (21... Nc4 22. Qb3 d5 (22... Na5 23. Qc3 Nc6 24. b4
Bf8 25. Be3 Qb7 26. h5 Ra4 27. a3 Rc8 28. Qb3) 23. exd5 exd5 24. g6 (24. Bd3
Bc5 25. Bxc5 Qxc5 26. h5 Na5 27. Qc3 Qxc3 28. bxc3 Nc4) 24... hxg6 (24... fxg6
25. h5 gxh5 26. Rxh5 Rd8 27. Bf2) 25. h5 {Perunovic,M-Kovacevic,A/BIH-chT/2004/
1-0 (30)}) (21... Qa5 22. Qb3 Nd7 23. g6 hxg6 24. h5 Nc5 25. Qe3 Qxa2+ 26. Kc1
e5 27. Bxc5 dxc5 28. hxg6 c4 {0-1 Muhren,B-Sebag,M/Hengelo 2004/ (34)}) 22.
Kxa2 Qxc2 23. Bxb5 (23. Ba7 $5 Ra8 24. Bxb5) 23... Ra8+ (23... Rxb5 24. Qc3
Qa4+ 25. Qa3 Qc4+ 26. Ka1 Nc6 27. Rc1 Qxd4 28. Rxc6 $14) 24. Ba7 Qc7 25. Kb1
Rxa7 (25... Qxa7 $2 26. Qxa7 Rxa7 27. f4 Ng6 28. f5 $18) 26. Rc1 Qa5 (26... Qb8
27. f4 Ra5 28. Be2 $16) 27. Rc8+ Bf8 28. Qd4 $1 Qa1+ $2 {Ivanov is falling for
the witty winning combination.} (28... Qa2+ 29. Kc2 Ra8 30. Rxa8 Qxa8 31. f4
Ng6 32. Rf1 Nxh4 33. Kb1 $14) 29. Kc2 Qxh1 (29... Rc7+ 30. Kb3 $18) 30. Rxf8+
$1 (30. Rxf8+ $1 Kxf8 31. Qxd6+ Re7 32. Qd8+ Re8 33. Qxe8#) 1-0

[Event "Pamplona 0102"]
[Site "Pamplona"]
[Date "2002.01.04"]
[Round "8"]
[White "Moreno Carnero, Javier"]
[Black "Leitao, Rafael Duailibe"]
[Result "0-1"]
[WhiteElo "2514"]
[BlackElo "2581"]
[Annotator "Ftacnik,L"]
[PlyCount "83"]
[EventDate "2001.12.27"]
[EventType "tourn"]
[EventRounds "9"]
[EventCountry "ESP"]
[EventCategory "14"]
[SourceTitle "CBM 087"]
[Source "ChessBase"]
[SourceDate "2002.03.21"]
[SourceVersion "1"]
[SourceVersionDate "2002.03.21"]
[SourceQuality "1"]

1. e4 c5 2. Nf3 e6 3. d4 cxd4 4. Nxd4 Nc6 5. Nc3 Qc7 6. Be3 a6 7. Qd2 Nf6 8.
O-O-O Be7 9. f3 d6 10. g4 O-O 11. h4 b5 12. Nxc6 Qxc6 13. Ne2 Nd7 14. Nd4 Qc7
15. g5 Nc5 {The whole variation is very dangerous for black, as he has
problems of defending against quick opening of the kingside.} 16. h5 b4 17. Kb1
(17. Qxb4 d5 18. Qe1 dxe4 19. fxe4 Bb7 20. Bg2 Rfc8 21. g6 $13) 17... Rb8 18.
Qh2 (18. g6 $5 fxg6 (18... h6 19. Bxh6 e5 20. Nf5 Bxf5 21. exf5 $16) 19. hxg6
h6 20. Rh5 Bf6 21. Nb3 $14) 18... Na4 19. Bd3 (19. g6 h6 20. gxf7+ Rxf7 $11)
19... e5 20. Nb3 (20. Nf5 $5 Bd8 21. Qg3 Be6 22. g6 $1 Nc3+ 23. bxc3 Bxa2+ 24.
Kc1 fxg6 25. hxg6 bxc3 $17) 20... f5 21. f4 $2 (21. gxf6 Rxf6 (21... Bxf6 22.
Qe2 $14) 22. Rhg1 Bb7 23. Qg3 $14) 21... Nxb2 $1 {[%mdl 64] Excellent tactical
shot, as now white king is even more exposed than his black counterpart.} 22.
h6 (22. Kxb2 fxe4 23. Bxe4 Qc3+ 24. Kb1 Qxe3 25. Bd5+ Kh8 26. fxe5 Qxe5 $17)
22... g6 (22... Nxd1 $2 23. hxg7 $1 Nc3+ 24. Ka1 $18) 23. Kxb2 fxe4 24. fxe5 (
24. Bxe4 Qc3+ 25. Kb1 Qxe3 26. Bd5+ Kh8 27. fxe5 Qxe5 $17) 24... exd3 25. cxd3
(25. Rxd3 dxe5 26. Bd4 Rb5 27. Re1 (27. Be3 Bf5 $19) 27... Bxg5 $19) (25. exd6
Qc3+ 26. Kc1 Bxd6 $19) 25... Qc3+ 26. Kb1 Bf5 27. Qe2 (27. exd6 Bxd3+ 28. Rxd3
Qxd3+ $19) (27. Nc1 dxe5 28. Qb2 Qxb2+ 29. Kxb2 Kf7 $17) 27... dxe5 28. Rd2 (
28. Rhf1 Rfd8 29. Rxf5 gxf5 30. Bc1 Rb5 $19) 28... Rfd8 29. Rhd1 (29. Nc1 b3
30. axb3 Rxd3 $1 31. Rxd3 (31. Nxd3 Rxb3+ $19) 31... Rxb3+ 32. Nxb3 Bxd3+ $19)
29... Qc7 (29... Rbc8 30. Qf1 (30. Rc1 Rxd3 31. Rxc3 Rxd2+ $19) 30... Rc4 31.
Rc1 Bxd3+ 32. Rxd3 Qxd3+ 33. Qxd3 Rxd3 34. Rxc4 Rxe3 $19) 30. Ka1 (30. Rc2 Qd7
31. Bc5 Bxg5 32. Qxe5 Bxh6 $19) 30... Qc3+ 31. Kb1 Rb5 32. Nc1 Rc8 {Leitao is
taking no chances, but the opening of the queenside with 32...b3! was surely a
quicker way to realize advantage.} (32... b3 $1 33. axb3 Rxb3+ 34. Nxb3 Qxb3+
35. Rb2 Qa3 $19) 33. Nb3 Rd5 34. Nc1 a5 35. Qg2 Rd7 36. Rc2 Qxc2+ 37. Qxc2 Rxc2
38. Kxc2 a4 39. Rd2 Kf7 40. Kd1 Ke6 41. Ke2 Rc7 42. Rb2 0-1

[Event "Moscow Tal Memorial 1st"]
[Site "Moscow"]
[Date "2006.11.10"]
[Round "4"]
[White "Morozevich, Alexander"]
[Black "Grischuk, Alexander"]
[Result "1-0"]
[WhiteElo "2747"]
[BlackElo "2710"]
[Annotator "Ftacnik,L"]
[PlyCount "69"]
[EventDate "2006.11.06"]
[EventType "tourn"]
[EventRounds "9"]
[EventCountry "RUS"]
[EventCategory "20"]
[SourceTitle "CBM 116"]
[Source "ChessBase"]
[SourceDate "2007.02.01"]
[SourceVersion "1"]
[SourceVersionDate "2007.02.01"]
[SourceQuality "1"]

1. e4 c5 2. Nf3 d6 3. d4 cxd4 4. Nxd4 Nf6 5. Nc3 a6 6. f3 e6 7. Be3 b5 8. Qd2
b4 9. Na4 Nbd7 10. c4 bxc3 11. Nxc3 Bb7 12. Be2 d5 13. exd5 Nxd5 14. Nxd5 Bxd5
15. Rc1 $146 {Morozevich is able to take an independent look at opening
variations. The novelty in the topical line is based on the logical reaction
against the active opponent's plan.} (15. O-O Qb8 16. Nf5 Qe5 17. Ng3 Bb4 18.
Qxb4 Qxe3+ 19. Kh1 Rb8 20. Qa4 (20. Qd6 Rb6 21. Qc7 Rc6 22. Qb7 Rc2 23. Qxa6
O-O 24. b3 Ne5 {0-1 Anand,V (2803)-Topalov,V (2804)/Sofia 2006/ (61)}) 20...
Rxb2 21. Bxa6 (21. Rac1 Ke7 22. Rfe1 g6 23. Bxa6 Qd2 24. Qh4+ f6 25. Bf1 h5 26.
Rcd1 Qf2 27. Rxd5 {1-0 Kryvoruchko,Y (2536)-Bobras,P (2535)/Polanica Zdroj
2006/}) 21... Qd2 22. Ne2 Rxa2 23. Rxa2 Qxa2 24. Qxa2 Bxa2 25. Ra1 Bd5 26. Bb5
Ke7 {1/2 Zontakh,A (2553)-Panarin,M (2491)/Voronezh 2006/ (34)}) 15... Qb8 16.
a3 Bd6 (16... Be7 17. Nc6 $14) (16... Qb7 $5 17. O-O Bd6 18. Bc4 $14) 17. Nf5
$1 O-O $6 {[%mdl 4] Grischuk has decided to believe his enemy and resigned to
the worse position against the bishop's pair. It was necessary to put
Alexander's idea to test with the critical move 17...Be5.} (17... Be5 18. f4 (
18. b4 g6 19. Ng3 O-O $11) 18... g6 19. fxe5 gxf5 20. O-O Nxe5 21. Rc5 (21.
Rxf5 exf5 22. Qxd5 O-O 23. Bd4 Re8 24. Rc5 Ng4 25. Bxg4 Qf4 26. Bc3 Qc1+ 27.
Kf2 Qe3+ 28. Kf1 $11) 21... O-O (21... Be4 22. Rd1 Rg8 23. g3 $16) 22. b4 Qd8
23. Qc3 $14) 18. Nxd6 Qxd6 19. O-O a5 (19... Rfd8 20. Rfd1 $14) 20. a4 $1 {
Black pawn on a5 will remain weak forever, white si able to defend the
structure with the help of bishops.} Rfd8 (20... Qb4 $6 21. Qxb4 axb4 22. Bb5
Ne5 23. Bd2 b3 24. Rc7 $16) 21. Bb5 h6 (21... f6 22. Rc3 Ne5 23. Rfc1 $14) 22.
Rc3 Nf8 23. Rfc1 Ng6 24. Qf2 Rdb8 (24... Qe5 25. Bb6 Rf8 26. Qd2 $14) 25. Rc7
Qb4 (25... Qe5 26. Bd4 Qh5 27. Qg3 $14) 26. Qd2 Rxb5 $2 {Nobody was really
envious about the defender's task, but this desperate move comes at a very
unsuitable moment. Black will lose the gained pawn and without the exchange
will be left only with spoils...} (26... Qxd2 27. Bxd2 Rd8 28. Bc3 $14) 27.
axb5 Qxb5 28. Rc8+ $1 Rxc8 29. Rxc8+ Kh7 30. Rc5 Qb7 (30... Qb3 31. Rxa5 Ne5
32. Ra3 $18) 31. Rxa5 {The battle is over, the rest is just agony of the
frustrated Grischuk.} Ne5 32. Qc2+ Kg8 33. Rc5 Nc6 34. h3 f5 35. Qc3 1-0